| 000 | 01038nam a2200241Ia 4500 | ||
|---|---|---|---|
| 999 |
_c3489 _d3489 |
||
| 003 | OSt | ||
| 005 | 20200702174145.0 | ||
| 008 | 191128t1990 ck a dr 000 f spa d | ||
| 020 | _a9580409455 | ||
| 040 |
_aCO-JMCR _cCO-JMCR |
||
| 041 | _aspa | ||
| 082 | 0 | 4 |
_aN / _bCASa |
| 100 | 1 |
_aCastilla, Julia Mercedes, _eautora _96540 |
|
| 245 | 1 | 0 |
_aAventuras de un niño de la calle / _cJulia Mercedes Castilla ; ilustraciones Daniel García |
| 260 |
_aBogotá : _bNorma, _c©1990 |
||
| 300 |
_a167 páginas : _bilustraciones en blanco y negro ; _c 21 cm. |
||
| 490 | 0 | _aTorre de papel. Torre amarillo | |
| 500 | _aRecomendado a partir de 11 años. Incluye datos biográficos de la autora en la cubierta. | ||
| 520 | _aAveturas de un niño de la calle relata la historia y las peripecias del diario vivir de un gamín abadonado por sus padres, que que se ve obligado a buscar cómo ganarse la vida en una gran ciudad. | ||
| 650 | 1 | 4 |
_aNovela infantil colombiana _96541 |
| 700 |
_aGarcía, Daniel, _eilustradora _96551 |
||
| 942 |
_2ddc _cBK |
||